Biggest Cities of the Republic of Venice with a Map - Statistics

General Stats
  • This quiz has been taken 1,485 times
    1,100 since last reset
  • The average score is 10 of 27
Answers on the Map
Answers color-coded by a green-red scale on the quiz's map according to % correct below.
 
Answer Stats
Population City % Correct
100k Venexia (Venice)
99%
15k Nicoxia (Nicosia)
76%
39k Verona
76%
11k Candia (Heraklion)
70%
29k Padoa (Padua)
63%
8k Ravena (Ravenna)
54%
4k Corfù (Corfu)
51%
18k Bergamo
47%
49k Bresa (Brescia)
46%
10k Rimano (Rimini)
44%
13k Udin (Udine)
40%
4k Brandizo (Brindisi)
33%
12k Trevixo (Treviso)
32%
17k Vicensa (Vicenza)
32%
40k Cremona
26%
5k Famagosta (Famagusta)
24%
11k Forlì
24%
6k Zante (Zakynthos)
19%
7k Cesena
18%
5k Cioxa (Chioggia)
15%
11k Favenza (Faenza)
13%
4k Napoli de Romania (Nafplio)
13%
12k Crema
12%
4k Retimo (Rethymno)
11%
5k Trani
11%
7k Malvasia (Monemvasia)
8%
5k Manopoli (Monopoli)
8%
No matching quizzes found
Score Distribution
Percent of People with Each Score
Percentile by Number Answered
Your Score History
You have not taken this quiz since the last reset